000 00916nam a2200289Ia 4500
003 OSt
005 20220918171625.0
006 a|||||r|||| 00| 0
007 ta
008 220917b |||||||| |||| 00| 0 eng d
020 _a9788120328044 (pbk)
_c450
024 _a240,424
037 _b3674, 06/01/2010, Bharat Scientific Syndicate
_cTextual
040 _aARTS
_cARTS
_beng
041 _2eng
_aeng
082 _aX:9, P1;P4
100 _aGomez - Mejia Luis R.
_937808
245 0 _aManaging human resources
250 _a4th
260 _aNew Delhi
_bPrentice Hall of India India
_c2004
300 _axxxvii, 677p.
_ccm.
650 _aECONOMICS
700 _a Balkin David B.
_937809
700 _a Cardy Robert L.
_937810
942 _hX:9, P1;P4
_cTEXL
_2CC
999 _c140494
_d140494